000 00640nam a2200217 a 4500
005 20240110063626.0
008 170901s2004 mx r 000 0 spa d
020 _a9789703706273
035 _aUPN01000220095
049 _aI
050 4 _aHQ774
_bS9.6
100 1 _aSui, Nat
_942802
245 1 1 _a¿Qué me hace estar saludable? /
_cNat Sui ; tr. María Savona.
260 _aMéxico :
_bPlaneta Mexicana,
_c2004.
300 _a12 p. :
_bil. col.
650 4 _aSALUD -
_vLITERATURA INFANTIL
_924646
650 4 _aNiños
_xSalud e higiene
_94876
650 2 _aAutocuidado de la salud
_913068
905 _aInfantil
999 _c192194
_d192194